Welcome to CU Library Online Public Access Catalogue (OPAC)

Readings in biblical Hebrew : (Record no. 1966)

MARC details
000 -LEADER
fixed length control field 00749cam a2200229 a 4500
001 - CONTROL NUMBER
control field 2523256
005 - DATE AND TIME OF LATEST TRANSACTION
control field 20241205111431.0
008 - FIXED-LENGTH DATA ELEMENTS--GENERAL INFORMATION
fixed length control field 930301s1993 ctua b 001 0 eng
020 ## - INTERNATIONAL STANDARD BOOK NUMBER
International Standard Book Number 0300055730 (alk. paper)
050 00 - LIBRARY OF CONGRESS CALL NUMBER
Classification number PJ4567.3
Item number .B45 1993
082 00 - DEWEY DECIMAL CLASSIFICATION NUMBER
Classification number 492.4/86421
Edition information 20
100 2# - MAIN ENTRY--PERSONAL NAME
Personal name Ben Zvi, Ehud,
Dates associated with a name 1951-
245 10 - TITLE STATEMENT
Title Readings in biblical Hebrew :
Remainder of title an intermediate textbook /
Statement of responsibility, etc. Ehud Ben Zvi, Maxine Hancock, Richard Beinert.
260 ## - PUBLICATION, DISTRIBUTION, ETC.
Place of publication, distribution, etc. New Haven :
Name of publisher, distributor, etc. Yale University Press,
Date of publication, distribution, etc. c1993.
300 ## - PHYSICAL DESCRIPTION
Extent xiv, 241 p. :
Other physical details ill. ;
Dimensions 29 cm.
440 #0 - SERIES STATEMENT/ADDED ENTRY--TITLE
Title Yale language series
500 ## - GENERAL NOTE
General note INCLUDES INDEX
650 #0 - SUBJECT ADDED ENTRY--TOPICAL TERM
Topical term or geographic name entry element Hebrew language
General subdivision Self-instruction.
700 1# - ADDED ENTRY--PERSONAL NAME
Personal name Hancock, Maxine.
700 1# - ADDED ENTRY--PERSONAL NAME
Personal name Beinert, Richard,
Dates associated with a name 1968-
942 ## - ADDED ENTRY ELEMENTS (KOHA)
Source of classification or shelving scheme Library of Congress Classification
Koha item type Books
Suppress in OPAC No
999 ## -
-- 1966
-- 1966
Holdings
Withdrawn status Lost status Source of classification or shelving scheme Damaged status Not for loan Collection Home library Current library Shelving location Date acquired Total checkouts Full call number Barcode Date last seen Copy number Price effective from Koha item type
    Library of Congress Classification     Non-fiction Undergraduate Library (Christ Temple) Undergraduate Library (Christ Temple) General stacks 12/05/2024   PJ4567.3 REA ulct00000515 12/05/2024 1 12/05/2024 Books
© 2023-2024 Copyright: Central University Libraries. All Rights Reserved | Created by: Mahone Tech Office